00918nam a22001815a 4500020002500000020002500025040000800050082002600058100002200084245009300106260018200199300004400381710008400425710005000509942001000559999001700569952015000586 a9789715601542 (hard) a9789715601528 (pbk.) cDLC aSEA SAJ 2012 C336 Or.1 aSajise, Percy E.,10aEcology, environment, and sustainable development :breflections spanning five decades / aCollege, Los Baños, Laguna, Philippines :bSoutheast Asian Regional Center for Graduate Study and Research in Agriculture :bUniversity of the Philippines Los Baños,cc2012. ax, 151 p. :bill. (some col.) ;c24 cm.2 aSoutheast Asian Regional Centre for Graduate Study and Research in Agriculture.2 aUniversity of the Philippines at Los Baños. cAEDBB c22012d22012 0010406SEA_SAJ_2012_000000000000000_C336_OR70996160aLBCbLBCcC336d2023-10-03oSEA SAJ 2012 C336 Or.pa73031r2023-10-03w2023-10-03yAEDBB